| 000 | 01590cam a2200397 a 4500 | ||
|---|---|---|---|
| 999 |
_c127305 _d127305 |
||
| 001 | 4472311 | ||
| 003 | ARRUPE | ||
| 005 | 20180104103818.0 | ||
| 008 | 961009s1996 inu b 001 0 eng | ||
| 010 | _a 96037033 | ||
| 020 | _a0872202585 | ||
| 020 | _a0872202577 (pbk.) | ||
| 040 |
_aDLC _cDLC _dDLC |
||
| 041 | 1 |
_aeng _hger |
|
| 050 | 0 | 0 |
_aB-277-1 _bP57 1996 |
| 082 | 0 | 0 |
_a121 _221 |
| 100 | 1 |
_aKant, Immanuel, _d1724-1804. _938269 |
|
| 240 | 1 | 0 |
_aKritik der reinen Vernunft. _lEnglish |
| 245 | 1 | 0 |
_aCritique of pure reason / _cImmanuel Kant ; translated by Werner S. Pluhar ; introduction by Patricia Kitcher. |
| 250 | _aUnified ed. | ||
| 260 |
_aIndianapolis, Ind. : _bHackett Pub. Co., _cc1996. |
||
| 300 |
_alix, 1030 p. ; _c24 cm. |
||
| 500 | _a"With all variants from the 1781 and 1787 editions." | ||
| 504 | _aIncludes bibliographical references (p. 775-813) and index. | ||
| 650 | 0 |
_aKnowledge, Theory of. _938270 |
|
| 650 | 0 |
_aCausation. _938271 |
|
| 650 | 0 |
_aReason. _938272 |
|
| 700 | 1 |
_aPluhar, Werner S., _d1940- _938273 |
|
| 700 | 1 |
_aKitcher, Patricia. _938274 |
|
| 856 | 4 | 2 |
_3Contributor biographical information _uhttp://www.loc.gov/catdir/enhancements/fy1409/96037033-b.html |
| 856 | 4 | 2 |
_3Publisher description _uhttp://www.loc.gov/catdir/enhancements/fy1409/96037033-d.html |
| 906 |
_a7 _bcbc _corignew _d1 _eocip _f19 _gy-gencatlg |
||
| 942 |
_2lcc _cMONOGRAPH |
||